MARC details
| 000 -LEADER |
| fixed length control field |
01638cam a2200397 i 4500 |
| 003 - CONTROL NUMBER IDENTIFIER |
| control field |
TR-AnTOB |
| 005 - DATE AND TIME OF LATEST TRANSACTION |
| control field |
20221121094345.0 |
| 007 - PHYSICAL DESCRIPTION FIXED FIELD--GENERAL INFORMATION |
| fixed length control field |
ta |
| 008 - FIXED-LENGTH DATA ELEMENTS--GENERAL INFORMATION |
| fixed length control field |
750318s1974 fr a bs i100 0 eng |
| 010 ## - LIBRARY OF CONGRESS CONTROL NUMBER |
| LC control number |
74195599 |
| 015 ## - NATIONAL BIBLIOGRAPHY NUMBER |
| National bibliography number |
F*** |
| 020 ## - INTERNATIONAL STANDARD BOOK NUMBER |
| International Standard Book Number |
9264112111 |
| 040 ## - CATALOGING SOURCE |
| Original cataloging agency |
DLC |
| Language of cataloging |
eng |
| Description conventions |
rda |
| Transcribing agency |
DLC |
| Modifying agency |
DLC |
| -- |
TR-AnTOB |
| 041 0# - LANGUAGE CODE |
| Language code of text/sound track or separate title |
İngilizce |
| 043 ## - GEOGRAPHIC AREA CODE |
| Geographic area code |
d------ |
| 050 04 - LIBRARY OF CONGRESS CALL NUMBER |
| Classification number |
HD82 |
| Item number |
.I58 1972 |
| 090 ## - LOCALLY ASSIGNED LC-TYPE CALL NUMBER (OCLC); LOCAL CALL NUMBER (RLIN) |
| Classification number (OCLC) (R) ; Classification number, CALL (RLIN) (NR) |
HD82 |
| Local cutter number (OCLC) ; Book number/undivided call number, CALL (RLIN) |
.I58 1972 |
| 111 2# - MAIN ENTRY--MEETING NAME |
| Meeting name or jurisdiction name as entry element |
International Meeting of Directors of Development Research and Training Institutes |
| Date of meeting |
(1972 : |
| Location of meeting |
Belgrade, Yugoslavia) |
| 9 (RLIN) |
139311 |
| 245 10 - TITLE STATEMENT |
| Title |
Planning, income distribution, private foreign investment : |
| Remainder of title |
International Meeting of Directors of Development Research and Training Institutes, Belgrade, Yugoslavia, 28th-30th, August, 1972. |
| 264 #1 - PRODUCTION, PUBLICATION, DISTRIBUTION, MANUFACTURE, AND COPYRIGHT NOTICE |
| Place of production, publication, distribution, manufacture |
Paris : |
| Name of producer, publisher, distributor, manufacturer |
Development Centre of the Organisation for Economic Co-operation and Development, |
| Date of production, publication, distribution, manufacture, or copyright notice |
1974. |
|
| Place of production, publication, distribution, manufacture |
[Washington, D.C. : |
| Name of producer, publisher, distributor, manufacturer |
sold by the OECD Publications Center], |
| Date of production, publication, distribution, manufacture, or copyright notice |
1974. |
| 300 ## - PHYSICAL DESCRIPTION |
| Extent |
234 pages : |
| Other physical details |
illustrations ; |
| Dimensions |
27 cm |
| 336 ## - CONTENT TYPE |
| Content type term |
text |
| Content type code |
txt |
| Source |
rdacontent |
| 337 ## - MEDIA TYPE |
| Media type term |
unmediated |
| Media type code |
n |
| Source |
rdamedia |
| 338 ## - CARRIER TYPE |
| Carrier type term |
volume |
| Carrier type code |
nc |
| Source |
rdacarrier |
| 504 ## - BIBLIOGRAPHY, ETC. NOTE |
| Bibliography, etc. note |
Includes bibliographical references. |
| 650 #0 - SUBJECT ADDED ENTRY--TOPICAL TERM |
| Topical term or geographic name entry element |
Economic policy |
| Form subdivision |
Congresses |
| 9 (RLIN) |
53997 |
|
| Topical term or geographic name entry element |
Labor supply |
| Geographic subdivision |
Developing countries |
| Form subdivision |
Congresses |
| 9 (RLIN) |
133968 |
|
| Topical term or geographic name entry element |
Investments, Foreign |
| Geographic subdivision |
Developing countries |
| Form subdivision |
Congresses |
| 9 (RLIN) |
109295 |
|
| Topical term or geographic name entry element |
International cooperation |
| Form subdivision |
Congresses |
| 9 (RLIN) |
34420 |
|
| Topical term or geographic name entry element |
Income distribution |
| Form subdivision |
Congresses |
| 9 (RLIN) |
23213 |
| 710 2# - ADDED ENTRY--CORPORATE NAME |
| Corporate name or jurisdiction name as entry element |
Organisation for Economic Co-operation and Development. |
| Subordinate unit |
Development Centre |
| 9 (RLIN) |
53907 |
| 942 ## - ADDED ENTRY ELEMENTS (KOHA) |
| Source of classification or shelving scheme |
Library of Congress Classification |
| Koha item type |
Book |